| 000 | 00593nam a2200193 a 4500 | ||
|---|---|---|---|
| 001 | 11989 | ||
| 003 | CO-ViMGA | ||
| 008 | 141112s2004 ck r 000 u spa d | ||
| 040 |
_aCO-ViMGA _bspa _cCO-ViMGA |
||
| 082 | 0 | 4 | _aR345.73 C65p |
| 245 | 1 | 0 | _aDescongestion de los despachos judiciales |
| 260 |
_aSantafé de Bogotá, _cEdiciones Lito Imperio |
||
| 300 | _a109 p. | ||
| 590 | _aEjemplares : 2 | ||
| 650 | 1 | 4 |
_aADMINISTRACION DE JUSTICIA, COLOMBIA, PROYECTOS _916893 |
| 650 | 1 | 4 |
_aJUZGADOS, COLOMBIA, PROYECTOS _916894 |
| 650 | 1 | 4 |
_aTRIBUNALES, COLOMBIA, PROYECTOS _916895 |
| 942 |
_2ddc _cBK |
||
| 999 |
_c23042 _d23042 |
||